নৌফেল ও হাতেম / (Record no. 4009)
[ view plain ]
| 000 -LEADER | |
|---|---|
| fixed length control field | 00612nam a2200217 a 4500 |
| 001 - CONTROL NUMBER | |
| JCCL Control Number | 4009 |
| 003 - CONTROL NUMBER IDENTIFIER | |
| JCCL marc code | BD-JhCC |
| 005 - DATE AND TIME OF LATEST TRANSACTION | |
| control field | 20180306173548.0 |
| 008 - FIXED-LENGTH DATA ELEMENTS--GENERAL INFORMATION | |
| fixed length control field | 171120s19611965bg |||| ||a| 000 0 ben d |
| 035 ## - SYSTEM CONTROL NUMBER | |
| system control number | (BD-JhCC)4009 |
| 040 ## - CATALOGING SOURCE | |
| Original cataloging agency | BD-JhCC |
| Modifying agency | BD-JhCC |
| 041 ## - LANGUAGE CODE | |
| Language code of Book | ben |
| 082 ## - DEWEY DECIMAL CLASSIFICATION NUMBER | |
| Classification number | AHM 1961 |
| Author mark and Year | 891.442 |
| 100 ## - MAIN ENTRY--PERSONAL NAME | |
| Personal name | আহমদ, ফররুখ |
| 245 ## - TITLE STATEMENT | |
| Title | নৌফেল ও হাতেম / |
| Statement of responsibility, etc | ফররুখ আহমদ |
| 260 ## - PUBLICATION, DISTRIBUTION, ETC. (IMPRINT) | |
| Place of publication, distribution, etc | ঢাকা : |
| Name of publisher, distributor, etc | স্টুডেন্ট ওয়েজ, |
| Date of publication, distribution, etc | 1961. |
| 300 ## - PHYSICAL DESCRIPTION | |
| Pagination | 91 p. : |
| Dimensions | 20 cm. |
| 650 ## - SUBJECT ADDED ENTRY--TOPICAL TERM | |
| Topical term or geographic name as entry element | Bengali Drama |
| 942 ## - ADDED ENTRY ELEMENTS (KOHA) | |
| Source of classification or shelving scheme | Dewey Decimal Classification |
| Koha item type | Books |
| Source of classification or shelving scheme | Damaged status | Not for loan | Home library | Current library | Shelving location | Date of accession | Cost, normal purchase price | Total Checkouts | Full call number | Barcode | Date last seen | Copy number | Koha item type |
|---|---|---|---|---|---|---|---|---|---|---|---|---|---|
| Dewey Decimal Classification | JCC Rouf Library | JCC Rouf Library | General Stacks | 11/20/2017 | 3.00 | 891.442 AHM 1961 | 5509 | 11/20/2017 | C-1 | Books |